[Event "8th Arber Open"]
[Site "chess24.com"]
[Date "2019.07.31"]
[Round "5"]
[White "Jergler, Karl-Heinz"]
[Black "Brands, Kevin"]
[Result "1-0"]
[Board "28"]
[WhiteElo "2094"]
[WhiteTeam "SC Rottal-Inn"]
[WhiteCountry "GER"]
[WhiteFideId "4644735"]
[WhiteEloChange "3"]
[BlackElo "1799"]
[BlackTeam "HOLLAND"]
[BlackCountry "NED"]
[BlackFideId "1054872"]
[BlackEloChange "-3"]

1. e4 {[%clk 1:30:30]} c5 {[%clk 1:30:30]} 2. c3 {[%clk 1:30:30]} Nf6 {[%clk
1:30:30]} 3. e5 {[%clk 1:30:30]} Nd5 {[%clk 1:30:30]} 4. d4 {[%clk 1:30:30]} cxd4
{[%clk 1:30:30]} 5. Nf3 {[%clk 1:30:30]} d6 {[%clk 1:30:30]} 6. cxd4 {[%clk
1:30:30]} Nc6 {[%clk 1:30:30]} 7. Bc4 {[%clk 1:30:30]} dxe5 {[%clk 1:30:30]} 8.
Nxe5 {[%clk 1:30:30]} e6 {[%clk 1:30:30]} 9. O-O {[%clk 1:30:30]} Bd7 {[%clk
1:30:30]} 10. Nc3 {[%clk 1:30:30]} Nxc3 {[%clk 1:30:30]} 11. bxc3 {[%clk
1:30:30]} Nxe5 {[%clk 1:30:30]} 12. dxe5 {[%clk 1:30:30]} Bc6 {[%clk 1:30:30]}
13. Qg4 {[%clk 1:30:30]} Qc7 {[%clk 1:30:30]} 14. Bg5 {[%clk 1:30:30]} h6 {[%clk
1:30:30]} 15. Bh4 {[%clk 1:30:30]} g5 {[%clk 1:30:30]} 16. Bg3 {[%clk 1:30:30]}
O-O-O {[%clk 1:30:30]} 17. Rfd1 {[%clk 1:30:30]} Bg7 {[%clk 1:30:30]} 18. h3
{[%clk 1:30:30]} Ba4 {[%clk 1:30:30]} 19. Bxe6+ {[%clk 1:30:30]} fxe6 {[%clk
1:30:30]} 20. Qxa4 {[%clk 1:30:30]} Bxe5 {[%clk 1:30:30]} 21. Bxe5 {[%clk
1:30:30]} Qxe5 {[%clk 1:30:30]} 22. Qxa7 {[%clk 1:30:30]} Rxd1+ {[%clk 1:30:30]}
23. Rxd1 {[%clk 1:30:30]} Qxc3 {[%clk 1:30:30]} 24. Qa4 {[%clk 1:30:30]} Qc7
{[%clk 1:30:30]} 25. Qa8+ {[%clk 1:30:30]} Qb8 {[%clk 1:30:30]} 26. Rc1+ {[%clk
1:30:30]} Kd7 {[%clk 1:30:30]} 27. Qa4+ {[%clk 1:30:30]} Ke7 {[%clk 1:30:30]} 28.
Qa3+ {[%clk 1:30:30]} Kf7 {[%clk 1:30:30]} 29. Qf3+ {[%clk 1:30:30]} Ke7 {[%clk
1:30:30]} 30. Qc3 {[%clk 1:30:30]} Kf7 {[%clk 1:30:30]} 31. Qd3 {[%clk 1:30:30]}
Kf6 {[%clk 1:30:30]} 32. Qd4+ {[%clk 1:30:30]} Qe5 {[%clk 1:30:30]} 33. Qd7
{[%clk 1:30:30]} Qd5 {[%clk 1:30:30]} 34. Qc7 {[%clk 1:30:30]} Ra8 {[%clk
1:30:30]} 35. Qh7 {[%clk 1:30:30]} Rxa2 {[%clk 1:30:30]} 36. Qxh6+ {[%clk
1:30:30]} Ke7 {[%clk 1:30:30]} 37. Qg7+ {[%clk 1:30:30]} Kd8 {[%clk 1:30:30]} 38.
Qf8+ {[%clk 1:30:30]} Kd7 {[%clk 1:30:30]} 39. Qf7+ {[%clk 1:30:30]} Kd8 {[%clk
1:30:30]} 40. Qf8+ {[%clk 1:30:30]} Kd7 {[%clk 1:30:30]} 41. Qc8+ {[%clk
1:30:30]} Ke7 {[%clk 1:30:30]} 42. Rc7+ {[%clk 1:30:30]} Kf6 {[%clk 1:30:30]} 43.
Qf8+ {[%clk 1:30:30]} Ke5 {[%clk 1:30:30]} 44. Rc5 {[%clk 1:30:30]} 1-0

[Event "8th Arber Open"]
[Site "chess24.com"]
[Date "2019.07.31"]
[Round "5"]
[White "Bergmann, Reiner"]
[Black "Schleich, Theodor, Dr."]
[Result "1/2-1/2"]
[Board "30"]
[WhiteElo "1823"]
[WhiteTeam "SC Bayerwald"]
[WhiteCountry "GER"]
[WhiteFideId "12958514"]
[WhiteEloChange "5"]
[BlackElo "2000"]
[BlackTeam "Muenchener SC"]
[BlackCountry "GER"]
[BlackFideId "24615218"]
[BlackEloChange "-5"]

1. e4 {[%clk 1:30:30]} c5 {[%clk 1:30:30]} 2. a3 {[%clk 1:30:30]} e6 {[%clk
1:30:30]} 3. b4 {[%clk 1:30:30]} cxb4 {[%clk 1:30:30]} 4. axb4 {[%clk 1:30:30]}
Bxb4 {[%clk 1:30:30]} 5. Bb2 {[%clk 1:30:30]} Nf6 {[%clk 1:30:30]} 6. e5 {[%clk
1:30:30]} Nd5 {[%clk 1:30:30]} 7. c4 {[%clk 1:30:30]} Ne7 {[%clk 1:30:30]} 8. Be2
{[%clk 1:30:30]} O-O {[%clk 1:30:30]} 9. Nf3 {[%clk 1:30:30]} b6 {[%clk 1:30:30]}
10. O-O {[%clk 1:30:30]} Bb7 {[%clk 1:30:30]} 11. d4 {[%clk 1:30:30]} d5 {[%clk
1:30:30]} 12. exd6 {[%clk 1:30:30]} Bxd6 {[%clk 1:30:30]} 13. Nc3 {[%clk
1:30:30]} Nd7 {[%clk 1:30:30]} 14. Nb5 {[%clk 1:30:30]} Bb8 {[%clk 1:30:30]} 15.
Ba3 {[%clk 1:30:30]} Nf6 {[%clk 1:30:30]} 16. Qb1 {[%clk 1:30:30]} a6 {[%clk
1:30:30]} 17. Qb4 {[%clk 1:30:30]} axb5 {[%clk 1:30:30]} 18. Qxe7 {[%clk
1:30:30]} Qxe7 {[%clk 1:30:30]} 19. Bxe7 {[%clk 1:30:30]} Re8 {[%clk 1:30:30]}
20. Bxf6 {[%clk 1:30:30]} gxf6 {[%clk 1:30:30]} 21. Rxa8 {[%clk 1:30:30]} Bxa8
{[%clk 1:30:30]} 22. c5 {[%clk 1:30:30]} Rd8 {[%clk 1:30:30]} 23. Rc1 {[%clk
1:30:30]} Bf4 {[%clk 1:30:30]} 24. Ra1 {[%clk 1:30:30]} Bxf3 {[%clk 1:30:30]} 25.
Bxf3 {[%clk 1:30:30]} Rxd4 {[%clk 1:30:30]} 26. g3 {[%clk 1:30:30]} Be5 {[%clk
1:30:30]} 27. Ra7 {[%clk 1:30:30]} Rd8 {[%clk 1:30:30]} 28. Bh5 {[%clk 1:30:30]}
Rf8 {[%clk 1:30:30]} 29. Rd7 {[%clk 1:30:30]} Kg7 {[%clk 1:30:30]} 30. f4 {[%clk
1:30:30]} Bc3 {[%clk 1:30:30]} 31. Kf2 {[%clk 1:30:30]} e5 {[%clk 1:30:30]} 32.
f5 {[%clk 1:30:30]} Kh6 {[%clk 1:30:30]} 33. Bxf7 {[%clk 1:30:30]} Bd4+ {[%clk
1:30:30]} 34. Kf3 {[%clk 1:30:30]} Ra8 {[%clk 1:30:30]} 35. Kg4 {[%clk 1:30:30]}
Bg1 {[%clk 1:30:30]} 36. h4 {[%clk 1:30:30]} Bxc5 {[%clk 1:30:30]} 37. Kh3 {[%clk
1:30:30]} Be3 {[%clk 1:30:30]} 38. Kg4 {[%clk 1:30:30]} Bc5 {[%clk 1:30:30]} 39.
Kh3 {[%clk 1:30:30]} Bf2 {[%clk 1:30:30]} 40. Kg2 {[%clk 1:30:30]} 1/2-1/2

[Event "8th Arber Open"]
[Site "chess24.com"]
[Date "2019.07.31"]
[Round "5"]
[White "Fuchs, Florian"]
[Black "Strangmueller, Andreas"]
[Result "0-1"]
[Board "31"]
[WhiteElo "1776"]
[WhiteTeam "DJK SF Haselbach"]
[WhiteCountry "GER"]
[WhiteFideId "16213351"]
[WhiteEloChange "-5"]
[BlackElo "1968"]
[BlackTeam "SK Landshut"]
[BlackCountry "GER"]
[BlackFideId "1270212"]
[BlackEloChange "5"]

1. e4 {[%clk 1:30:30]} c5 {[%clk 1:30:30]} 2. Nf3 {[%clk 1:30:30]} e6 {[%clk
1:30:30]} 3. d4 {[%clk 1:30:30]} cxd4 {[%clk 1:30:30]} 4. Nxd4 {[%clk 1:30:30]}
a6 {[%clk 1:30:30]} 5. Bd3 {[%clk 1:30:30]} Qc7 {[%clk 1:30:30]} 6. O-O {[%clk
1:30:30]} Nf6 {[%clk 1:30:30]} 7. c4 {[%clk 1:30:30]} Bc5 {[%clk 1:30:30]} 8. Nb3
{[%clk 1:30:30]} Be7 {[%clk 1:30:30]} 9. f4 {[%clk 1:30:30]} d6 {[%clk 1:30:30]}
10. Nc3 {[%clk 1:30:30]} Nc6 {[%clk 1:30:30]} 11. Be3 {[%clk 1:30:30]} Rb8 {[%clk
1:30:30]} 12. Rc1 {[%clk 1:30:30]} g6 {[%clk 1:30:30]} 13. h3 {[%clk 1:30:30]} b6
{[%clk 1:30:30]} 14. Nd5 {[%clk 1:30:30]} Qd8 {[%clk 1:30:30]} 15. Nxe7 {[%clk
1:30:30]} Qxe7 {[%clk 1:30:30]} 16. Nd4 {[%clk 1:30:30]} Bb7 {[%clk 1:30:30]} 17.
Qe1 {[%clk 1:30:30]} O-O {[%clk 1:30:30]} 18. Ne2 {[%clk 1:30:30]} Ba8 {[%clk
1:30:30]} 19. Nc3 {[%clk 1:30:30]} Qd8 {[%clk 1:30:30]} 20. Rd1 {[%clk 1:30:30]}
Qc7 {[%clk 1:30:30]} 21. Qh4 {[%clk 1:30:30]} Kg7 {[%clk 1:30:30]} 22. f5 {[%clk
1:30:30]} h5 {[%clk 1:30:30]} 23. Bg5 {[%clk 1:30:30]} Qe7 {[%clk 1:30:30]} 24.
Be2 {[%clk 1:30:30]} exf5 {[%clk 1:30:30]} 25. Nd5 {[%clk 1:30:30]} 0-1

[Event "8th Arber Open"]
[Site "chess24.com"]
[Date "2019.07.31"]
[Round "5"]
[White "Reuter, Roland"]
[Black "Dosch, Markus"]
[Result "1-0"]
[Board "32"]
[WhiteElo "1930"]
[WhiteTeam "SK Schwabach"]
[WhiteCountry "GER"]
[WhiteFideId "4610300"]
[WhiteEloChange "6"]
[BlackElo "1787"]
[BlackTeam "SK Buchen"]
[BlackCountry "GER"]
[BlackFideId "24698717"]
[BlackEloChange "-6"]

1. Nf3 {[%clk 1:30:30]} Nf6 {[%clk 1:30:30]} 2. c4 {[%clk 1:30:30]} e6 {[%clk
1:30:30]} 3. Nc3 {[%clk 1:30:30]} c5 {[%clk 1:30:30]} 4. g3 {[%clk 1:30:30]} Nc6
{[%clk 1:30:30]} 5. Bg2 {[%clk 1:30:30]} Be7 {[%clk 1:30:30]} 6. O-O {[%clk
1:30:30]} O-O {[%clk 1:30:30]} 7. d3 {[%clk 1:30:30]} a6 {[%clk 1:30:30]} 8. Bf4
{[%clk 1:30:30]} d6 {[%clk 1:30:30]} 9. Rc1 {[%clk 1:30:30]} Bd7 {[%clk 1:30:30]}
10. Re1 {[%clk 1:30:30]} Qc7 {[%clk 1:30:30]} 11. a3 {[%clk 1:30:30]} Rab8 {[%clk
1:30:30]} 12. Qd2 {[%clk 1:30:30]} Rfd8 {[%clk 1:30:30]} 13. h3 {[%clk 1:30:30]}
b5 {[%clk 1:30:30]} 14. cxb5 {[%clk 1:30:30]} axb5 {[%clk 1:30:30]} 15. g4 {[%clk
1:30:30]} b4 {[%clk 1:30:30]} 16. axb4 {[%clk 1:30:30]} Rxb4 {[%clk 1:30:30]} 17.
g5 {[%clk 1:30:30]} Nh5 {[%clk 1:30:30]} 18. Bh2 {[%clk 1:30:30]} Rdb8 {[%clk
1:30:30]} 19. Rc2 {[%clk 1:30:30]} Qb6 {[%clk 1:30:30]} 20. Rb1 {[%clk 1:30:30]}
Rb3 {[%clk 1:30:30]} 21. Ne4 {[%clk 1:30:30]} Na5 {[%clk 1:30:30]} 22. Nxd6
{[%clk 1:30:30]} Bxd6 {[%clk 1:30:30]} 23. Bxd6 {[%clk 1:30:30]} Qxd6 {[%clk
1:30:30]} 24. Qxa5 {[%clk 1:30:30]} R8b5 {[%clk 1:30:30]} 25. Qd8+ {[%clk
1:30:30]} Qf8 {[%clk 1:30:30]} 26. Qxd7 {[%clk 1:30:30]} Qb8 {[%clk 1:30:30]} 27.
Nd2 {[%clk 1:30:30]} R3b4 {[%clk 1:30:30]} 28. Ra1 {[%clk 1:30:30]} Rxb2 {[%clk
1:30:30]} 29. Rxb2 {[%clk 1:30:30]} Rxb2 {[%clk 1:30:30]} 30. Ra8 {[%clk
1:30:30]} 1-0

[Event "8th Arber Open"]
[Site "chess24.com"]
[Date "2019.07.31"]
[Round "5"]
[White "Seifert, Ronny"]
[Black "Peglau, Mirjam"]
[Result "0-1"]
[Board "33"]
[WhiteElo "1888"]
[WhiteTeam "Glauchauer SC"]
[WhiteCountry "GER"]
[WhiteFideId "4679067"]
[WhiteEloChange "-14"]
[BlackElo "1759"]
[BlackTeam "Seeblick"]
[BlackCountry "GER"]
[BlackFideId "16211138"]
[BlackEloChange "14"]

1. d4 {[%clk 1:30:30]} d5 {[%clk 1:30:30]} 2. Nf3 {[%clk 1:30:30]} Nf6 {[%clk
1:30:30]} 3. g3 {[%clk 1:30:30]} Bf5 {[%clk 1:30:30]} 4. Bg2 {[%clk 1:30:30]}
Nbd7 {[%clk 1:30:30]} 5. O-O {[%clk 1:30:30]} e6 {[%clk 1:30:30]} 6. b3 {[%clk
1:30:30]} Be7 {[%clk 1:30:30]} 7. Bb2 {[%clk 1:30:30]} O-O {[%clk 1:30:30]} 8.
Nbd2 {[%clk 1:30:30]} Rc8 {[%clk 1:30:30]} 9. c4 {[%clk 1:30:30]} c5 {[%clk
1:30:30]} 10. cxd5 {[%clk 1:30:30]} exd5 {[%clk 1:30:30]} 11. Rc1 {[%clk
1:30:30]} Qa5 {[%clk 1:30:30]} 12. Bc3 {[%clk 1:30:30]} Qa3 {[%clk 1:30:30]} 13.
Nh4 {[%clk 1:30:30]} Be4 {[%clk 1:30:30]} 14. f3 {[%clk 1:30:30]} Bg6 {[%clk
1:30:30]} 15. Nxg6 {[%clk 1:30:30]} hxg6 {[%clk 1:30:30]} 16. Ra1 {[%clk
1:30:30]} c4 {[%clk 1:30:30]} 17. e4 {[%clk 1:30:30]} b5 {[%clk 1:30:30]} 18. Nb1
{[%clk 1:30:30]} Qa6 {[%clk 1:30:30]} 19. e5 {[%clk 1:30:30]} Ne8 {[%clk
1:30:30]} 20. b4 {[%clk 1:30:30]} Nb6 {[%clk 1:30:30]} 21. a3 {[%clk 1:30:30]}
Qa4 {[%clk 1:30:30]} 22. Qe2 {[%clk 1:30:30]} Nc7 {[%clk 1:30:30]} 23. f4 {[%clk
1:30:30]} Qb3 {[%clk 1:30:30]} 24. Bh3 {[%clk 1:30:30]} Rcd8 {[%clk 1:30:30]} 25.
f5 {[%clk 1:30:30]} Na4 {[%clk 1:30:30]} 26. f6 {[%clk 1:30:30]} gxf6 {[%clk
1:30:30]} 27. exf6 {[%clk 1:30:30]} Bxf6 {[%clk 1:30:30]} 28. Rxf6 {[%clk
1:30:30]} Nxc3 {[%clk 1:30:30]} 29. Qg4 {[%clk 1:30:30]} Kg7 {[%clk 1:30:30]} 30.
Rf1 {[%clk 1:30:30]} Ne4 {[%clk 1:30:30]} 31. Qe2 {[%clk 1:30:30]} Rde8 {[%clk
1:30:30]} 32. Qa2 {[%clk 1:30:30]} Qe3+ {[%clk 1:30:30]} 33. Kh1 {[%clk 1:30:30]}
Qxd4 {[%clk 1:30:30]} 34. a4 {[%clk 1:30:30]} a6 {[%clk 1:30:30]} 35. axb5 {[%clk
1:30:30]} axb5 {[%clk 1:30:30]} 36. Na3 {[%clk 1:30:30]} Nc3 {[%clk 1:30:30]} 37.
Qf2 {[%clk 1:30:30]} Qxf2 {[%clk 1:30:30]} 38. Rxf2 {[%clk 1:30:30]} d4 {[%clk
1:30:30]} 39. Raf1 {[%clk 1:30:30]} d3 {[%clk 1:30:30]} 0-1

[Event "8th Arber Open"]
[Site "chess24.com"]
[Date "2019.07.31"]
[Round "5"]
[White "Hoehfeld, Markus"]
[Black "Van Hoorebeke, Jimmy"]
[Result "0-1"]
[Board "35"]
[WhiteElo "1895"]
[WhiteTeam "Muenchener SC"]
[WhiteCountry "GER"]
[WhiteFideId "12984167"]
[WhiteEloChange "-15"]
[BlackElo "1700"]
[BlackTeam "BELGIEN"]
[BlackCountry "BEL"]
[BlackFideId "222224"]
[BlackEloChange "15"]

1. d4 {[%clk 1:30:30]} f5 {[%clk 1:30:30]} 2. Nf3 {[%clk 1:30:30]} Nf6 {[%clk
1:30:30]} 3. g3 {[%clk 1:30:30]} g6 {[%clk 1:30:30]} 4. Bg2 {[%clk 1:30:30]} Bg7
{[%clk 1:30:30]} 5. O-O {[%clk 1:30:30]} O-O {[%clk 1:30:30]} 6. Nbd2 {[%clk
1:30:30]} d6 {[%clk 1:30:30]} 7. Re1 {[%clk 1:30:30]} Nc6 {[%clk 1:30:30]} 8. e4
{[%clk 1:30:30]} f4 {[%clk 1:30:30]} 9. d5 {[%clk 1:30:30]} Nb4 {[%clk 1:30:30]}
10. gxf4 {[%clk 1:30:30]} Nh5 {[%clk 1:30:30]} 11. Nf1 {[%clk 1:30:30]} Nxf4
{[%clk 1:30:30]} 12. Bxf4 {[%clk 1:30:30]} Rxf4 {[%clk 1:30:30]} 13. Qd2 {[%clk
1:30:30]} Qf8 {[%clk 1:30:30]} 14. Qxb4 {[%clk 1:30:30]} Rxf3 {[%clk 1:30:30]}
15. Bxf3 {[%clk 1:30:30]} Qxf3 {[%clk 1:30:30]} 16. Qb3 {[%clk 1:30:30]} Qf7
{[%clk 1:30:30]} 17. Rab1 {[%clk 1:30:30]} Bg4 {[%clk 1:30:30]} 18. Qg3 {[%clk
1:30:30]} h5 {[%clk 1:30:30]} 19. Re3 {[%clk 1:30:30]} Rf8 {[%clk 1:30:30]} 20.
Nd2 {[%clk 1:30:30]} Be5 {[%clk 1:30:30]} 21. Qg2 {[%clk 1:30:30]} Bd4 {[%clk
1:30:30]} 22. c3 {[%clk 1:30:30]} Bxe3 {[%clk 1:30:30]} 23. fxe3 {[%clk 1:30:30]}
Qg7 {[%clk 1:30:30]} 24. Rf1 {[%clk 1:30:30]} Rxf1+ {[%clk 1:30:30]} 25. Qxf1
{[%clk 1:30:30]} c6 {[%clk 1:30:30]} 26. h3 {[%clk 1:30:30]} Bd7 {[%clk 1:30:30]}
27. Qf4 {[%clk 1:30:30]} Bxh3 {[%clk 1:30:30]} 28. Nf3 {[%clk 1:30:30]} Bd7
{[%clk 1:30:30]} 29. Ng5 {[%clk 1:30:30]} Qf6 {[%clk 1:30:30]} 30. Kg2 {[%clk
1:30:30]} Qxf4 {[%clk 1:30:30]} 31. exf4 {[%clk 1:30:30]} cxd5 {[%clk 1:30:30]}
32. exd5 {[%clk 1:30:30]} Kg7 {[%clk 1:30:30]} 33. Kg3 {[%clk 1:30:30]} Kf6
{[%clk 1:30:30]} 34. Nh7+ {[%clk 1:30:30]} Kf5 {[%clk 1:30:30]} 35. Nf8 {[%clk
1:30:30]} Bc8 {[%clk 1:30:30]} 36. Kf3 {[%clk 1:30:30]} b5 {[%clk 1:30:30]} 37.
b3 {[%clk 1:30:30]} Bb7 {[%clk 1:30:30]} 38. c4 {[%clk 1:30:30]} bxc4 {[%clk
1:30:30]} 39. bxc4 {[%clk 1:30:30]} Ba6 {[%clk 1:30:30]} 40. Ne6 {[%clk 1:30:30]}
Bxc4 {[%clk 1:30:30]} 0-1

[Event "8th Arber Open"]
[Site "chess24.com"]
[Date "2019.08.01"]
[Round "6"]
[White "Schleining, Zoya"]
[Black "Bensch, Patrick"]
[Result "1/2-1/2"]
[Board "6"]
[WhiteElo "2339"]
[WhiteTitle "IM"]
[WhiteCountry "GER"]
[WhiteFideId "4671660"]
[WhiteEloChange "-4"]
[BlackElo "2197"]
[BlackTitle "FM"]
[BlackCountry "GER"]
[BlackFideId "4617401"]
[BlackEloChange "4"]

1. Nf3 {[%clk 1:30:56]} Nf6 {[%clk 1:29:20]} 2. g3 {[%clk 1:31:20]} g6 {[%clk
1:29:19]} 3. b3 {[%clk 1:31:45]} Bg7 {[%clk 1:29:02]} 4. Bb2 {[%clk 1:32:09]} O-O
{[%clk 1:25:49]} 5. Bg2 {[%clk 1:32:28]} d5 {[%clk 1:16:46]} 6. c4 {[%clk
1:28:26]} c6 {[%clk 1:14:57]} 7. O-O {[%clk 1:25:12]} a5 {[%clk 1:07:21]} 8. Nc3
{[%clk 1:16:12]} Ne4 {[%clk 1:02:45]} 9. d4 {[%clk 1:05:36]} Bf5 {[%clk 0:57:09]}
10. Nh4 {[%clk 0:55:52]} Nxc3 {[%clk 0:57:00]} 11. Bxc3 {[%clk 0:56:18]} Be6
{[%clk 0:57:04]} 12. c5 {[%clk 0:49:09]} Nd7 {[%clk 0:56:10]} 13. Rc1 {[%clk
0:45:34]} Nf6 {[%clk 0:50:35]} 14. Ba1 {[%clk 0:34:14]} Bh6 {[%clk 0:46:33]} 15.
e3 {[%clk 0:32:09]} Qc8 {[%clk 0:42:30]} 16. Nf3 {[%clk 0:30:09]} Bg4 {[%clk
0:41:02]} 17. Qe1 {[%clk 0:28:14]} Bh3 {[%clk 0:28:06]} 18. Ne5 {[%clk 0:28:17]}
Ne4 {[%clk 0:24:49]} 19. f3 {[%clk 0:24:09]} Ng5 {[%clk 0:20:59]} 20. Bxh3 {[%clk
0:22:54]} Qxh3 {[%clk 0:20:58]} 21. Qe2 {[%clk 0:22:36]} Bg7 {[%clk 0:18:35]} 22.
Nd3 {[%clk 0:20:09]} h5 {[%clk 0:15:23]} 23. a4 {[%clk 0:18:43]} Ne6 {[%clk
0:08:55]} 24. Bc3 {[%clk 0:15:14]} Bh6 {[%clk 0:04:58]} 25. Rc2 {[%clk 0:12:54]}
Ng7 {[%clk 0:03:55]} 26. Re1 {[%clk 0:08:01]} Qe6 {[%clk 0:03:39]} 27. Nf4 {[%clk
0:04:57]} Bxf4 {[%clk 0:03:28]} 28. gxf4 {[%clk 0:04:00]} Qf5 {[%clk 0:03:14]}
29. Kh1 {[%clk 0:04:02]} Ne6 {[%clk 0:02:51]} 30. Rg1 {[%clk 0:04:04]} Kh7 {[%clk
0:02:33]} 31. Be1 {[%clk 0:02:58]} Rg8 {[%clk 0:02:19]} 32. Bh4 {[%clk 0:02:54]}
f6 {[%clk 0:02:12]} 33. Bg3 {[%clk 0:02:34]} Qh3 {[%clk 0:02:01]} 34. Qf1 {[%clk
0:01:58]} Qxf1 {[%clk 0:01:59]} 35. Rxf1 {[%clk 0:02:27]} Kg7 {[%clk 0:01:14]}
36. Rb1 {[%clk 0:02:12]} Rgd8 {[%clk 0:01:11]} 37. Rcb2 {[%clk 0:01:45]} Rd7
{[%clk 0:01:20]} 38. h4 {[%clk 0:01:27]} Kf7 {[%clk 0:01:30]} 39. Kg2 {[%clk
0:01:34]} Ng7 {[%clk 0:01:19]} 40. Bf2 {[%clk 0:01:40]} Nf5 {[%clk 0:01:29]} 41.
Kf1 {[%clk 0:01:43]} Ra7 {[%clk 0:21:34]} 42. Ke2 {[%clk 0:32:19]} e6 {[%clk
0:18:24]} 43. Kd3 {[%clk 0:31:44]} Ra8 {[%clk 0:15:45]} 44. Be1 {[%clk 0:30:20]}
Re8 {[%clk 0:13:53]} 45. b4 {[%clk 0:24:55]} e5 {[%clk 0:12:00]} 46. fxe5 {[%clk
0:24:26]} fxe5 {[%clk 0:12:26]} 47. bxa5 {[%clk 0:23:25]} exd4 {[%clk 0:05:25]}
48. e4 {[%clk 0:22:56]} dxe4+ {[%clk 0:04:43]} 49. fxe4 {[%clk 0:23:21]} Ng7
{[%clk 0:02:33]} 50. Rxb7 {[%clk 0:23:33]} Rd8 {[%clk 0:02:56]} 51. a6 {[%clk
0:21:39]} Ne6 {[%clk 0:03:14]} 52. Kc4 {[%clk 0:21:29]} Kf6 {[%clk 0:02:22]} 53.
a7 {[%clk 0:19:01]} Rxb7 {[%clk 0:01:43]} 54. Rxb7 {[%clk 0:19:25]} Ra8 {[%clk
0:01:49]} 55. Ba5 {[%clk 0:18:10]} Ke5 {[%clk 0:01:12]} 56. Bb6 {[%clk 0:12:09]}
Kxe4 {[%clk 0:01:30]} 57. Rb8 {[%clk 0:05:26]} d3 {[%clk 0:01:42]} 58. Kc3 {[%clk
0:04:36]} Ke3 {[%clk 0:01:49]} 59. Rb7 {[%clk 0:02:44]} Nf4 {[%clk 0:00:38]} 60.
Re7+ {[%clk 0:02:30]} Kf3 {[%clk 0:01:06]} 61. Kd2 {[%clk 0:02:00]} g5 {[%clk
0:00:40]} 62. hxg5 {[%clk 0:01:44]} h4 {[%clk 0:00:39]} 63. Rh7 {[%clk 0:01:11]}
Kg4 {[%clk 0:00:36]} 64. g6 {[%clk 0:01:09]} Nxg6 {[%clk 0:01:00]} 65. Rg7 {[%clk
0:01:24]} Kf5 {[%clk 0:01:07]} 66. Kxd3 {[%clk 0:01:40]} h3 {[%clk 0:01:15]} 67.
Rh7 {[%clk 0:02:03]} Kg4 {[%clk 0:01:19]} 68. Ke2 {[%clk 0:01:52]} Nf4+ {[%clk
0:00:56]} 69. Kf2 {[%clk 0:01:51]} Nd5 {[%clk 0:00:44]} 70. Kg1 {[%clk 0:01:41]}
Re8 {[%clk 0:00:54]} 71. Ba5 {[%clk 0:01:08]} Nf4 {[%clk 0:00:35]} 72. Bc7 {[%clk
0:00:43]} Nd5 {[%clk 0:00:37]} 73. Bb8 {[%clk 0:00:54]} Nf4 {[%clk 0:00:32]} 74.
a8Q {[%clk 0:00:53]} Re1+ {[%clk 0:00:39]} 75. Kh2 {[%clk 0:01:04]} Re2+ {[%clk
0:01:02]} 76. Kg1 {[%clk 0:01:12]} Re1+ {[%clk 0:01:21]} 1/2-1/2

[Event "8th Arber Open"]
[Site "chess24.com"]
[Date "2019.08.01"]
[Round "6"]
[White "Medunova, Vera"]
[Black "Pohl-Kuemmel, Jens-Uwe"]
[Result "1/2-1/2"]
[Board "11"]
[WhiteElo "2093"]
[WhiteTitle "WIM"]
[WhiteCountry "CZE"]
[WhiteFideId "315141"]
[WhiteEloChange "5"]
[BlackElo "2288"]
[BlackTitle "FM"]
[BlackCountry "GER"]
[BlackFideId "4606639"]
[BlackEloChange "-5"]

1. e4 {[%clk 1:30:56]} c5 {[%clk 1:30:51]} 2. Nf3 {[%clk 1:31:12]} d6 {[%clk
1:31:13]} 3. d4 {[%clk 1:31:06]} cxd4 {[%clk 1:31:36]} 4. Nxd4 {[%clk 1:31:33]}
Nf6 {[%clk 1:31:49]} 5. Nc3 {[%clk 1:31:58]} Nc6 {[%clk 1:31:52]} 6. Bg5 {[%clk
1:31:29]} e6 {[%clk 1:31:47]} 7. Qd2 {[%clk 1:30:38]} a6 {[%clk 1:31:00]} 8.
O-O-O {[%clk 1:24:11]} h6 {[%clk 1:28:35]} 9. Bh4 {[%clk 1:23:43]} Bd7 {[%clk
1:27:16]} 10. f4 {[%clk 1:15:30]} Be7 {[%clk 1:22:11]} 11. Be2 {[%clk 1:00:53]}
Qc7 {[%clk 1:06:20]} 12. Bf2 {[%clk 0:48:41]} Rc8 {[%clk 0:57:13]} 13. Kb1 {[%clk
0:42:38]} Nxd4 {[%clk 0:44:57]} 14. Bxd4 {[%clk 0:37:30]} e5 {[%clk 0:44:30]} 15.
Be3 {[%clk 0:35:08]} Bc6 {[%clk 0:39:09]} 16. Nd5 {[%clk 0:30:02]} Bxd5 {[%clk
0:33:02]} 17. exd5 {[%clk 0:29:51]} Nxd5 {[%clk 0:30:52]} 18. Qxd5 {[%clk
0:20:14]} Qxc2+ {[%clk 0:31:09]} 19. Ka1 {[%clk 0:20:42]} Qxe2 {[%clk 0:31:14]}
20. Qxb7 {[%clk 0:20:39]} O-O {[%clk 0:31:23]} 21. Qxe7 {[%clk 0:15:06]} Qxe3
{[%clk 0:30:36]} 22. Qxd6 {[%clk 0:11:42]} Qxf4 {[%clk 0:29:58]} 23. g3 {[%clk
0:10:24]} Qg5 {[%clk 0:27:23]} 24. Qxa6 {[%clk 0:10:18]} Rc2 {[%clk 0:26:16]} 25.
Qd3 {[%clk 0:09:12]} Rfc8 {[%clk 0:23:34]} 26. a3 {[%clk 0:09:17]} Qf6 {[%clk
0:16:42]} 27. Rd2 {[%clk 0:06:09]} R2c4 {[%clk 0:14:27]} 28. Rf1 {[%clk 0:04:48]}
Qe6 {[%clk 0:05:48]} 29. Qd5 {[%clk 0:05:02]} Qe7 {[%clk 0:05:41]} 30. Qd7 {[%clk
0:03:51]} Rc1+ {[%clk 0:05:00]} 31. Rxc1 {[%clk 0:04:15]} Rxc1+ {[%clk 0:05:30]}
32. Ka2 {[%clk 0:04:39]} 1/2-1/2

[Event "8th Arber Open"]
[Site "chess24.com"]
[Date "2019.08.01"]
[Round "6"]
[White "Heiduk, Christoph"]
[Black "Titz, Heimo"]
[Result "1-0"]
[Board "21"]
[WhiteElo "1870"]
[WhiteCountry "GER"]
[WhiteFideId "12924520"]
[WhiteEloChange "15"]
[BlackElo "2048"]
[BlackTitle "FM"]
[BlackCountry "AUT"]
[BlackFideId "1601520"]
[BlackEloChange "-15"]

1. d4 {[%clk 1:30:59]} Nf6 {[%clk 1:31:10]} 2. c4 {[%clk 1:31:24]} e6 {[%clk
1:30:42]} 3. Nc3 {[%clk 1:31:40]} Bb4 {[%clk 1:30:08]} 4. f3 {[%clk 1:31:37]} c5
{[%clk 1:27:51]} 5. d5 {[%clk 1:31:30]} exd5 {[%clk 1:27:26]} 6. cxd5 {[%clk
1:31:43]} d6 {[%clk 1:25:50]} 7. e4 {[%clk 1:31:13]} Nbd7 {[%clk 1:23:35]} 8. Ne2
{[%clk 1:27:07]} O-O {[%clk 1:22:02]} 9. Ng3 {[%clk 1:27:15]} Re8 {[%clk
1:06:35]} 10. Be2 {[%clk 1:26:14]} a6 {[%clk 1:05:10]} 11. a4 {[%clk 1:21:28]}
Rb8 {[%clk 1:03:04]} 12. O-O {[%clk 1:19:46]} b5 {[%clk 0:41:39]} 13. axb5 {[%clk
0:58:39]} Bxc3 {[%clk 0:41:58]} 14. bxc3 {[%clk 0:59:05]} axb5 {[%clk 0:41:57]}
15. Qb3 {[%clk 0:53:17]} c4 {[%clk 0:34:59]} 16. Qb4 {[%clk 0:52:18]} Qb6+ {[%clk
0:34:08]} 17. Kh1 {[%clk 0:52:46]} Nxd5 {[%clk 0:33:05]} 18. exd5 {[%clk
0:52:38]} Re5 {[%clk 0:32:31]} 19. Bf4 {[%clk 0:48:47]} Rxd5 {[%clk 0:32:30]} 20.
Rad1 {[%clk 0:49:01]} Nf6 {[%clk 0:31:44]} 21. Bxd6 {[%clk 0:48:05]} Rb7 {[%clk
0:30:35]} 22. Ne4 {[%clk 0:45:43]} Nxe4 {[%clk 0:29:48]} 23. fxe4 {[%clk
0:46:08]} Rxd1 {[%clk 0:27:57]} 24. Rxd1 {[%clk 0:46:26]} Rd7 {[%clk 0:26:45]}
25. Qc5 {[%clk 0:44:09]} Qa6 {[%clk 0:25:19]} 26. Qe5 {[%clk 0:43:01]} h6 {[%clk
0:25:14]} 27. Qe8+ {[%clk 0:42:32]} Kh7 {[%clk 0:25:32]} 28. e5 {[%clk 0:42:25]}
Ra7 {[%clk 0:23:00]} 29. Bf3 {[%clk 0:40:19]} Bb7 {[%clk 0:22:31]} 30. Qxf7
{[%clk 0:39:54]} Bxf3 {[%clk 0:21:39]} 31. Qf5+ {[%clk 0:40:03]} Kg8 {[%clk
0:21:30]} 32. Qxf3 {[%clk 0:40:28]} Rf7 {[%clk 0:21:22]} 33. Qd5 {[%clk 0:40:36]}
1-0